000
00305nam a22001457a 4500
020
_a
978-81-264-40436
082
_a
894.812.3
_b
SAR/P
100
_a
SARASWATHIYAMMA
245
_a
PREMABHAJANAM
260
_a
KOTTAYAM
_b
DC BOOKS
_c
2013
300
_a
127
520
_a
NOVEL
650
_a
NOVEL
942
_c
BK
999
_c
5248
_d
5248